[Event "Buenos Aires Najdorf"]
[Site "Buenos Aires"]
[Date "1996.??.??"]
[Round "3"]
[White "Milov, Vadim"]
[Black "Tiviakov, Sergei"]
[Result "0-1"]
[WhiteElo "2585"]
[BlackElo "2625"]
[Annotator "Dautov,R"]
[PlyCount "86"]
[EventDate "1996.04.??"]
[EventType "tourn"]
[EventRounds "9"]
[EventCountry "ARG"]
[EventCategory "13"]
[SourceTitle "CBM 053"]
[Source "ChessBase"]
[SourceDate "1996.08.01"]
[SourceVersion "1"]
[SourceVersionDate "1996.08.01"]
[SourceQuality "1"]

1. d4 Nf6 2. c4 e6 3. Nc3 Bb4 4. e3 O-O 5. Bd3 d5 6. a3 Bxc3+ 7. bxc3 dxc4 8.
Bxc4 c5 9. Bb2 {Weiß deckt den Pc3, um den Aufbau mit Nf3 und Bd3 zu
ermöglichen, verlangsamt aber damit die Entwicklung seines Königsflügels, was
Schwarz erfolgreich ausnutzen kann.} (9. Nf3 Qc7 10. Ba2 b6) (9. Ne2 Nc6 {/\e5}
) 9... Qa5 $1 {N} (9... Nc6 10. Nf3 Qc7 11. Bd3 e5 12. Qc2 cxd4 13. cxd4 e4 14.
Bxe4 Nxe4 15. Qxe4 Qa5+ 16. Nd2 Bf5 17. Qf4 Qb5 $44 {Addison,W-Reshevsky,S/
Palma de Mallorca izt (11) 1970}) (9... Qc7 10. Bd3 b6 11. Qe2 Nc6 12. e4 e5
13. d5 Na5 14. h3 c4 15. Bc2 Nd7 16. Nf3 Nc5 17. O-O Ba6 18. Ne1 Rad8 {1/2-1/2
Petrosian,T-Najdorf,M/Buenos Aires 29/(546) 1979}) 10. Qd2 (10. Nf3 cxd4 11.
exd4 b6 12. O-O Ba6 13. Bd3 Rc8 14. Rc1 Bxd3 15. Qxd3 b5 16. Nd2 Nbd7 $10 {
Milov,V-Granda Zuniga,J/Buenos Aires Najdorf (06) ;CBM 53 1996}) 10... Nbd7 11.
Rc1 b5 12. Bd3 Bb7 13. Nf3 Rac8 14. c4 (14. O-O $2 Bxf3 15. gxf3 cxd4 16. exd4
Nb6 $17) 14... Qxd2+ 15. Kxd2 bxc4 16. Rxc4 (16. Bxc4 Ne4+ 17. Ke2 Nb6 18. Bd3
(18. Bb5 $2 c4 {/\a6}) 18... c4 $36) 16... Ne4+ 17. Bxe4 (17. Ke2 $2 Ba6 18.
Rc2 cxd4 19. Rxc8 Bxd3+ 20. Kxd3 Nxf2+ 21. Ke2 Rxc8 22. Kxf2 Rc2+ $17) 17...
Bxe4 18. Rhc1 Bd5 19. Ra4 $2 {Der erste und gleichzeitig der entscheidende
Fehler. Wahrscheinlich glaubte Weiß besser zu stehen, obwohl es an der Zeit
war, das Gleichgewicht aufrecht zu erhalten.} (19. R4c3 Nf6) (19. R4c2 {>=} Be4
(19... Rfd8 20. Ke2) 20. Rc4 $10) 19... Nb6 $17 20. Rxa7 Nc4+ 21. Rxc4 (21. Kc3
cxd4+ 22. exd4 Rc6 $1 $17 {/\Rb8}) (21. Kc2 cxd4 22. Bxd4 (22. exd4 Be4+ 23.
Kc3 Na5+ 24. Kd2 Nb3+ $19) 22... Nxe3+ 23. Kd2 Rxc1 24. Kxc1 Nxg2 $17) 21...
Bxc4 22. Ne5 cxd4 23. Bxd4 Bb3 $1 24. Nd7 Rfd8 25. Bb6 Ra8 26. Rxa8 Rxa8 $19
27. Kc3 Bd5 28. Kb4 Bxg2 29. a4 f6 30. a5 Kf7 31. Bc5 Rd8 32. Nb6 Rd2 33. Nc4
Rxf2 34. a6 Ra2 35. a7 Bc6 36. h4 Kg6 37. Bb6 Kh5 38. Kc5 Bd5 39. Nd6 Kxh4 40.
Ne8 Rc2+ 41. Kd4 Rc4+ 42. Kd3 Rg4 43. Nc7 Ra4 0-1

[Event "Biel SKA"]
[Site "Biel"]
[Date "1996.07.23"]
[Round "2"]
[White "Milov, Vadim"]
[Black "Lautier, Joel"]
[Result "1-0"]
[WhiteElo "2565"]
[BlackElo "2620"]
[Annotator "Dautov,R"]
[PlyCount "67"]
[EventDate "1996.07.22"]
[EventType "tourn"]
[EventRounds "11"]
[EventCountry "SUI"]
[EventCategory "16"]
[SourceTitle "CBM 055"]
[Source "ChessBase"]
[SourceDate "1996.12.01"]
[SourceVersion "1"]
[SourceVersionDate "1996.12.01"]
[SourceQuality "1"]

1. d4 Nf6 2. c4 e6 3. Nc3 Bb4 4. e3 O-O 5. Bd3 d5 6. a3 Bxc3+ 7. bxc3 dxc4 8.
Bxc4 c5 9. Bb2 Qa5 10. Nf3 (10. Qd2 Nbd7 11. Rc1 b5 12. Bd3 Bb7 13. Nf3 Rac8
$15 {Milov,V-Tiviakov,S/Buenos Aires Najdorf/1996}) 10... cxd4 11. exd4 b6 12.
a4 {N} (12. O-O Ba6 13. Bd3 Rc8 14. Rc1 Bxd3 15. Qxd3 b5 16. Nd2 Nbd7 $10 {
Milov,V-Granda Zuniga,J/Buenos Aires Najdorf/1996}) 12... Ba6 13. Nd2 Rc8 14.
Bxa6 Qxa6 15. c4 Nbd7 16. O-O {/\17.a5 ba5 18.Bc3} (16. a5 $2 bxa5 17. Bc3 (17.
O-O Nb6 18. c5 Nbd5 $15 {/\Rab8}) 17... Nb6 18. c5 e5 $36) 16... Qa5 17. Re1
Rc7 $10 18. Re3 Rac8 19. Rb3 $1 (19. Bc3 Qa6 (19... Qf5 $5) 20. a5 (20. Qb3
Rxc4 21. Nxc4 Rxc4 $44) 20... b5 21. c5 Nd5 22. Rg3 N7f6 $10 (22... Nxc3 23.
Rxc3 e5 24. Ne4 exd4 25. Qxd4 $14)) 19... Ne8 20. Rb5 Qa6 21. Ba3 Ndf6 22. Qb3
Rd7 23. Nf3 Ne4 (23... Nd6 24. Bxd6 Rxd6 25. a5 Rdc6 26. Ra4 $14) 24. c5 bxc5 (
24... Nc7 $5 25. Re1 Nf6 26. c6 Rd5 27. Rxd5 Ncxd5 28. Ne5 Qa5 $13) 25. dxc5
Rdc7 26. Qe3 $2 (26. Rc1 N8f6 $13 (26... N8d6 27. Rb8 $14)) 26... N8f6 27. Ne5
$2 (27. Bb4 Rb7 28. Rxb7 (28. Nd4 e5 29. Nc2 Rxb5 30. axb5 Qxb5 31. Rxa7 Qc4
$17) 28... Qxb7 29. Qd4 Qd5 30. Rc1 Qxd4 31. Nxd4 Nd5 32. Ba3 Nec3 {/\e5} 33.
Kf1 Nxa4 34. c6 a6 $15) (27. Bb2 Rxc5 28. Bxf6 gxf6 29. Rxc5 Nxc5 $15) 27...
Rd8 $2 (27... Qxa4 $1 28. Rb4 Qa5 $1 (28... Qc2 $2 29. Rc4 $16) (28... Qa6 29.
Bb2 Rd8 $8 30. h3 Qc8 31. Rxe4 Nxe4 32. Qxe4 Rxc5 33. Rxa7 Rc7 $10) 29. Rxe4 (
29. Qe1 Rxc5 $17) 29... Nxe4 30. Qxe4 Rxc5 31. Nf3 (31. f4 Rd5 $17) 31... Rc4
$17) 28. Qb3 Nd5 $4 29. Qc4 $18 {/\Rb8} Rcc8 (29... Nd6 30. Rb8 $1 $18) (29...
Rdc8 30. Qxe4 Nc3 31. Qd3 Nxb5 32. axb5 $18) 30. Qxe4 Nc3 31. Qf3 Nxb5 32. axb5
Qxb5 33. Qxf7+ Kh8 34. Qxe6 1-0

[Event "Haifa"]
[Site "Haifa"]
[Date "1995.??.??"]
[Round "7"]
[White "Milov, Vadim"]
[Black "Psakhis, Lev"]
[Result "0-1"]
[WhiteElo "2580"]
[BlackElo "2625"]
[Annotator "Dautov,R"]
[PlyCount "94"]
[EventDate "1995.01.??"]
[EventType "tourn"]
[EventRounds "11"]
[EventCountry "ISR"]
[EventCategory "14"]
[SourceTitle "CBM 046"]
[Source "ChessBase"]
[SourceDate "1995.06.01"]
[SourceVersion "1"]
[SourceVersionDate "1995.06.01"]
[SourceQuality "1"]

1. d4 {Dolmatov} Nf6 2. c4 e6 3. Nc3 Bb4 4. e3 O-O 5. Bd3 d5 6. a3 Bxc3+ 7.
bxc3 dxc4 8. Bxc4 c5 9. Ne2 (9. Nf3) 9... Nc6 10. Ng3 {N} (10. O-O e5 11. Bb2 (
11. Ba2 $5 cxd4 $6 (11... Be6 $5 12. Bxe6 fxe6 13. Qb3 Qd5 $10) 12. cxd4 exd4
13. Nxd4 Nxd4 14. exd4 Qd6 15. Qd3 Be6 16. Bb1 $14 {Knaak,R-Lucacs,P/Leipzig/
1983/}) 11... Be6 (11... Bf5 12. f3 Qb6 13. Qd2 Na5 14. Ba2 Be6 $15 {Hoi,
C-Romanishin,O/Plovdiv EUchT 1983}) (11... Qb6 {Dolmatov} 12. Qc2 Bg4 13. f3
Bh5 $13) 12. Bxe6 fxe6 13. Qb3 Qd5 14. Qa2 (14. c4 Na5 15. cxd5 Nxb3 16. Rad1
exd4 17. dxe6 Rae8 18. exd4 Rxe6 19. Nc1 Nxd4 20. Bxd4 cxd4 21. Rxd4 Rc8 $15 {
Groszpeter,A-Ehlvest,J/Saint John op-2 1988}) 14... Qxa2 15. Rxa2 Rac8 $10)
10... e5 11. d5 Na5 12. Ba2 {Die Idee des 10. Zuges von Weiß wird nun klar -
12...c4? wird mit 13.e4 beantwortet, mit weißem Vorteil.} Ne8 $1 {Ein
typisches Manöver. Der Pd5 wird blockiert, und Schwarz nimmt den wichtigen
Punkt c4 unter Kontrolle.} (12... e4 $6 {Dolmatov} 13. c4 b6 14. Bb2 Re8 15.
Qc2 Nb7 $132) 13. e4 (13. Ne4 $6 b6 14. O-O Ba6 15. Re1 f5 16. Nd2 Nd6 $15) (
13. c4 $5 {Dolmatov} Nd6 14. Qc2 Bd7 15. Bb2 f6 16. Rc1 $132 {/\Bb1}) 13... Nd6
14. O-O f6 15. f4 Bd7 16. f5 $2 {Sehr optimistisch gespielt. Bald wird sich
aber hesrausstellen, daß der von Weiß geplante Angriff keine Durchschlagskraft
hat. Besser war es, die Spannung zu halten.} (16. Be3 b6 (16... exf4 17. Bxf4
Bb5 18. Rf2 $14) 17. fxe5 fxe5 18. Qh5 Nac4 (18... Qe7 19. Nf5 Bxf5 20. exf5
$13) 19. Bxc4 Nxc4 20. Bg5 Rxf1+ 21. Rxf1 Qe8 22. Qh4 Nxa3 23. Nh5 $44 {/\Bf6})
16... Bb5 17. Rf2 (17. Re1 $5 {Dolmatov} Bc4 18. Be3 b6 19. Bf2 $15 {
/\Ng3-f1-d2}) 17... Bc4 $1 {Schwarz tauscht die Läufer ab, um das spätere
Eindringen seiner Dame zu ermöglichen.} 18. Qg4 (18. Bb1 $4 Nb3 19. Raa2 Nxc1
$19) 18... Bxa2 19. Raxa2 Rf7 20. Nh5 Kf8 $1 {Ein Schritt nach dem anderen
verläßt der schwarze König sein Versteck - im Zentrum fühlt er sich in
Sicherheit.} (20... Qb6 $2 {Dolmatov} 21. Bh6 Qb1+ 22. Rf1 Qxa2 23. Bxg7 $40)
21. Rf3 Nac4 22. Rg3 Qb6 $1 {Es ist an der Zeit, Weiß an seinen schwachen
Damenflügel zu erinnern.} 23. Re2 (23. Nxg7 $2 {Dolmatov} Qb1 24. Ne6+ Ke7 $19)
23... Ke7 24. Re1 (24. Nxg7 $2 Rg8 25. Bh6 Ne8 $19) 24... Rg8 25. Qe2 (25. Bh6
$5 {Dolmatov} Ne8 26. Qd1 Qb2 $6 27. d6+ Ncxd6 28. Qd5 $132) 25... Qb3 26. Bh6
Ne8 (26... g6 $2 {wäre zu früh:} 27. Qg4 {/\fxg6,Qe6} g5 28. h4 gxh4 29. Qxh4
Rxg3 30. Qxg3 $13) 27. Qd3 Ncd6 (27... Nxa3 28. d6+ Kd7 (28... Nxd6 29. Bxg7)
29. Ra1 $44) 28. Bc1 Qc4 29. Qc2 $2 (29. Qxc4 Nxc4 $17 {_|_}) (29. Qf3 {>=} Kd8
$15 {/\Kc8-b8. Nachdem sich der König auf dem Damenflügel versteckt, kann
Schwarz den Durchbruch g7-g6 planen.}) 29... g6 $1 {Die weiße Dame hat sich
vom Königsflügel entfernt und Schwarz nutzt seine Möglichkeit. Der Nh5 ist
plötzlich in Gefahr.} 30. Qd1 $2 (30. Rg4 $2 Nxf5) (30. Bh6 Kd8 $1 (30... Rh8
31. fxg6 hxg6 32. Rxg6 Rfh7 33. Nxf6 Nxf6 34. Bg7 $13) 31. h3 Rh8 32. fxg6 hxg6
33. Rxg6 Rfh7 $17) 30... Rff8 (30... Nxe4 $2 {Dolmatov} 31. Rg4 N8d6 32. Ng3
Nxc3 33. Rxc4 Nxd1 34. Rxc5 $18) 31. fxg6 hxg6 32. Qg4 f5 33. Qg5+ (33. exf5 {
Dolmatov} Qxg4 34. Rxg4 gxh5 35. Rxe5+ Kd7 36. Rxg8 Rxg8 $19) 33... Kd7 34. Qh6
Nxe4 35. Rxg6 Qxc3 36. Rd1 (36. Rf1 {Dolmatov} Qd4+ 37. Be3 Rxg6 $19) 36... Rh8
$19 37. Rg7+ Nxg7 38. Qxg7+ Kc8 39. d6 Nxd6 40. Nf6 Nf7 41. Nd5 Qb3 42. Ne7+
Kb8 43. Rf1 f4 44. Qg4 Qc2 45. Bxf4 exf4 46. Qxf4+ Ka8 47. Nd5 a6 0-1

[Event "EU-ch 17th"]
[Site "Gjakova"]
[Date "2016.05.15"]
[Round "4"]
[White "Navara, David"]
[Black "Sturua, Zurab"]
[Result "1-0"]
[WhiteElo "2735"]
[BlackElo "2548"]
[Annotator "Fischer,J"]
[PlyCount "67"]
[EventDate "2016.05.12"]
[EventType "swiss"]
[EventRounds "11"]
[EventCountry "KOS"]
[SourceTitle "CBM 173"]
[Source "ChessBase"]
[SourceDate "2016.07.12"]
[SourceVersion "1"]
[SourceVersionDate "2016.07.12"]
[SourceQuality "1"]

1. d4 Nf6 2. c4 e6 3. Nc3 Bb4 4. e3 O-O 5. Bd3 d5 6. cxd5 exd5 7. Nge2 b6 8. a3
Bxc3+ 9. bxc3 c5 10. O-O Ba6 11. f3 Re8 12. Ng3 Bxd3 13. Qxd3 Nc6 14. Bb2 h5
15. e4 h4 16. Nf5 g6 17. Nxh4 dxe4 18. fxe4 Nxe4 19. Rf4 Qe7 {[#]What is Black
doing? Can't White pin and win with 20.Re1?} 20. Nxg6 $1 {Navara is tactically
very alert.} ({After} 20. Re1 $2 {Black wins with the hidden counter} Nf2 21.
Rxe7 Nxd3 22. Rxe8+ Rxe8 {But after 20...hxg6 21.Re1 Black cannot play ...Nf2
because g6 is hanging with check.}) 20... Qg5 21. Rxe4 Rxe4 22. Qxe4 Qxg6 23.
Qe2 Rd8 24. Rf1 cxd4 25. cxd4 Qe6 26. Qf2 Rd5 27. Re1 Qf5 28. Re8+ Kh7 29. Qh4+
Qh5 30. Qf6 Qd1+ 31. Kf2 Qc2+ 32. Ke3 Qb3+ 33. Kf4 Rd8 34. Re3 1-0

[Event "Olympiad-31"]
[Site "Moscow"]
[Date "1994.12.15"]
[Round "14.1"]
[White "Gulko, Boris F"]
[Black "Ljubojevic, Ljubomir"]
[Result "1-0"]
[WhiteElo "2590"]
[BlackElo "2580"]
[Annotator "Ftacnik,L"]
[PlyCount "69"]
[EventDate "1994.12.01"]
[EventType "team-swiss"]
[EventRounds "14"]
[EventCountry "RUS"]
[SourceTitle "CBM 045"]
[Source "ChessBase"]
[SourceDate "1995.04.01"]
[SourceVersion "1"]
[SourceVersionDate "1995.04.01"]
[SourceQuality "1"]
[WhiteTeam "US of America"]
[BlackTeam "Serbia & Montenegro"]
[WhiteTeamCountry "USA"]
[BlackTeamCountry "YUG"]

1. d4 Nf6 2. c4 e6 3. Nc3 Bb4 4. e3 O-O 5. Bd3 d5 6. a3 Bxc3+ 7. bxc3 c5 8.
cxd5 exd5 9. Ne2 b6 10. O-O Ba6 11. f3 Re8 12. Ra2 (12. Bc2 Nc6 13. Rf2 Qc7 14.
g4 cxd4 15. cxd4 Bxe2 16. Rxe2 Rac8 17. Qd3 g6 18. Ba4 Red8 19. Bd2 Qb7 20. Bb5
Nb8 21. Qb3 Ne8 22. Be1 Nd6 23. Bh4 Rf8 24. Bd3 {Spassky,B-Stoliar,E/URS-ch24
Moscow (21)/1957/1-0 (42)}) (12. Bb1 Nc6 13. Re1 Qd7 14. Ng3 Rad8 15. Ra2 Na5
16. Rf2 Nc4 17. Bd3 Bb5 18. Nf5 Ba4 19. Qe2 Nd6 20. Nxd6 Qxd6 21. e4 Nd7 22. e5
Qe6 23. f4 f5 24. g4 $40 {Hempson,P.W-Gavrilovic,M/GB-ch Rhyl (09) 20.viii/
1969/1-0 (47)}) 12... Qc8 (12... Bxd3 13. Qxd3 Nc6) 13. Bb1 Bc4 14. Rb2 Qa6 15.
Re1 Nbd7 (15... Qxa3 16. Rxb6 Bxe2 17. Rxe2 Qxc3 18. Rb3 Qa5 19. dxc5 Qxc5 20.
Bb2 $36) 16. a4 b5 17. axb5 Bxb5 18. Ng3 Nb6 19. e4 (19. dxc5 Na4 20. Ra2 Qc6
21. Ne2 Qd7 $13) 19... cxd4 (19... Na4 20. Rb3 $36) 20. cxd4 Na4 21. Rb3 dxe4
22. fxe4 Rac8 23. e5 Nd5 (23... Nc3 $2 24. Rxc3 Rxc3 25. exf6 $16) 24. Qh5 g6
25. Qh6 f5 (25... Nac3 $2 26. Nh5 $1 gxh5 27. Bxh7+ Kh8 28. Bg6+ Kg8 29. Qh7+
Kf8 30. Qxf7#) 26. Nxf5 $1 Rc7 (26... gxf5 27. Rg3+ $18) 27. Nd6 Qxd6 28. exd6
Rxe1+ 29. Kf2 Rf7+ 30. Rf3 $1 (30. Kxe1 $2 Rf1+ 31. Kd2 Rf2+ 32. Kd1 Nac3+ 33.
Rxc3 (33. Ke1 Rf1+ 34. Kd2 Rf2+ $10) 33... Nxc3+ 34. Ke1 Re2+ 35. Kf1 Rc2+ 36.
Ke1 (36. Kg1 Rxc1+ $1 37. Kf2 Rxb1 38. Qh4 $13) 36... Re2+ $10) 30... Rf1+ 31.
Kg3 Nac3 32. Rxf1 Bxf1 33. Bxg6 $1 Ne2+ (33... hxg6 34. Qxg6+ Rg7 35. Qxg7+
Kxg7 36. d7 Ne2+ 37. Kf2 $18) 34. Kh4 Rg7 35. Be4 1-0

[Event "Reykjavik Summit"]
[Site "Reykjavik"]
[Date "1990.??.??"]
[Round "?"]
[White "Lein, Anatoly"]
[Black "Hjartarson, Johann"]
[Result "0-1"]
[WhiteElo "2485"]
[BlackElo "2505"]
[Annotator "Ftacnik,L"]
[PlyCount "67"]
[EventDate "1990.03.??"]
[EventType "team"]
[EventRounds "6"]
[EventCountry "ISL"]
[SourceTitle "CBM 018"]
[Source "ChessBase"]
[SourceDate "1990.10.01"]
[SourceVersion "1"]
[SourceVersionDate "1990.10.01"]
[SourceQuality "1"]

1. d4 Nf6 2. c4 e6 3. Nc3 Bb4 4. e3 O-O 5. Bd3 d5 6. a3 Bxc3+ 7. bxc3 dxc4 8.
Bxc4 c5 9. Ne2 Qc7 10. Bd3 e5 11. e4 $5 {N} (11. O-O b6 12. Ng3 Nbd7 13. e4
cxd4 14. cxd4 exd4 15. Bg5 h6 16. Rc1 Qb8 17. Bh4 g5 18. Qd2 $40 {Greenfeld,
A-Shrentzel/Beersheba/1988/  ->CBM 09}) 11... cxd4 12. cxd4 exd4 13. O-O Nc6
14. h3 (14. f4 Ng4 {/\ Ne3}) 14... Re8 15. Ng3 {/\ f4, e5 ->} Ne5 16. Bf4 (16.
f4 Nxd3 17. Qxd3 Qc3 $1) 16... Bd7 17. Bxe5 Qxe5 18. f4 Qa5 (18... Qe7 $5) 19.
e5 Nd5 20. Qh5 h6 (20... g6 21. Qh6 {/\ Ne4 ->}) 21. Ne4 Re7 (21... Ne3 22. Rf3
$40 (22. Nf6+ gxf6 23. Qxh6 f5 $8 24. Rf3 Re6 $13)) 22. Rf3 Ne3 23. Rg3 Kh8 24.
Rg5 $1 Bb5 25. e6 f5 $8 26. Rxf5 Nxf5 27. Qxf5 Rxe6 28. Nf6 $2 (28. Nf2 $1 Re1+
29. Kh2 Bxd3 30. Qxa5 $18) 28... Re1+ (28... Bxd3 29. Qxa5 Rxf6 30. Rd1 $16)
29. Kh2 Bxd3 30. Qxa5 Rxa1 31. Qd2 (31. Nd7 $5 Bh7) 31... Rxa3 32. Nh5 Rg8 33.
Qb4 Ra2 34. Ng3 $138 {Ftacnik,L} 0-1

[Event "Linares 09th"]
[Site "Linares"]
[Date "1991.??.??"]
[Round "9"]
[White "Speelman, Jonathan S"]
[Black "Karpov, Anatoly"]
[Result "1-0"]
[WhiteElo "2610"]
[BlackElo "2725"]
[Annotator "Ftacnik,L"]
[PlyCount "103"]
[EventDate "1991.02.??"]
[EventType "tourn"]
[EventRounds "13"]
[EventCountry "ESP"]
[EventCategory "17"]
[SourceTitle "CBM 022"]
[Source "ChessBase"]
[SourceDate "1991.06.01"]
[SourceVersion "1"]
[SourceVersionDate "1991.06.01"]
[SourceQuality "1"]

1. d4 Nf6 2. c4 e6 3. Nc3 Bb4 4. e3 O-O 5. Bd3 d5 6. a3 Bxc3+ 7. bxc3 dxc4 8.
Bxc4 c5 9. Ne2 Nc6 10. O-O e5 11. Rb1 {N; 11.Bb2; 11.Qc2; 11.a4} Qc7 12. Ba2
Rd8 13. Qc2 b6 14. Ng3 exd4 $6 (14... Be6 $5 15. Bxe6 fxe6 $10) 15. cxd4 cxd4
16. exd4 Be6 (16... Rxd4 17. Bb2 Rd6 18. Be5 $1) 17. Bxe6 fxe6 18. Bg5 $1 (18.
Be3 Rac8 $10) 18... Rac8 (18... Rxd4 19. Rbc1 Rc8 20. Bxf6 gxf6) 19. Bxf6 gxf6
20. Rbc1 Rxd4 (20... Qd7 $2 21. Ne4 Qxd4 22. Rfd1 Qe5 23. Rxd8+ Rxd8 24. Qxc6
$18) 21. Rfe1 Qf7 (21... Qd7 22. Ne4 Kf7 23. Re3 $16) 22. Qc3 Rdd8 (22... Rd5
23. Ne4 $40) 23. Ne4 e5 (23... Ne5 24. Qxc8 Rxc8 25. Rxc8+ Kg7 26. Rec1 $16)
24. Qg3+ Kh8 25. Qh4 $1 Nd4 (25... Rf8 26. Nd6) (25... f5 26. Rxc6 $1) 26. Rxc8
Rxc8 27. Nxf6 Qg6 28. Ng4 $1 Ne2+ (28... Nf5 29. Qh3 $18) 29. Kh1 Nf4 30. h3
Re8 (30... h5 31. Rxe5 Rc1+ 32. Kh2 Qb1 33. Qf6+ $18) 31. Rd1 Qg7 (31... h5 32.
Rd7 Qc6 33. Qf6+ Qxf6 34. Nxf6 $18) 32. Rd8 Rg8 33. Rxg8+ Qxg8 (33... Kxg8 34.
Nh6+ Kf8 35. Qd8#) 34. Qf6+ Qg7 35. Qd8+ Qg8 36. Qe7 Ng6 37. Qxa7 Qe6 38. Qb8+
Kg7 39. Qc7+ Kh8 40. Nh6 Qf6 (40... Nf4 41. Qxe5+ Qxe5 42. Nf7+ Kg7 43. Nxe5
$18) 41. Qc8+ Kg7 42. Nf5+ Kf7 43. Qd7+ Kf8 44. g3 $1 h5 45. h4 Kg8 46. Kg2 Nf8
47. Qd5+ Kh7 48. Qb7+ Kg8 49. Ne7+ Kh8 50. Nd5 Qd6 51. Qf7 Ng6 52. Nf6 {
Ftacnik,L} 1-0

[Event "Linares 08th"]
[Site "Linares"]
[Date "1990.??.??"]
[Round "4"]
[White "Beliavsky, Alexander G"]
[Black "Short, Nigel D"]
[Result "0-1"]
[WhiteElo "2640"]
[BlackElo "2635"]
[Annotator "Ftacnik,L"]
[PlyCount "82"]
[EventDate "1990.02.??"]
[EventType "tourn"]
[EventRounds "11"]
[EventCountry "ESP"]
[EventCategory "16"]
[SourceTitle "CBM 017"]
[Source "ChessBase"]
[SourceDate "1990.08.01"]
[SourceVersion "1"]
[SourceVersionDate "1990.08.01"]
[SourceQuality "1"]

1. d4 Nf6 2. c4 e6 3. Nc3 Bb4 4. f3 d5 5. a3 Bxc3+ 6. bxc3 b6 7. cxd5 exd5 8.
e3 O-O 9. Bd3 c5 10. Ne2 Ba6 11. O-O Re8 12. Ng3 Qc8 $1 13. Bxa6 Nxa6 14. Qd3
Qb7 15. Ra2 Re6 16. Re2 Rae8 17. Rfe1 h5 18. Qf5 (18. e4 h4) 18... g6 19. Qf4
Qd7 20. Bb2 cxd4 21. cxd4 Rc6 22. e4 Nc7 23. Nf1 (23. e5 $5) 23... a5 24. h3
Kg7 25. g4 hxg4 26. hxg4 Ne6 27. Qe3 Rh8 28. Ng3 Kf8 29. e5 Ng8 30. f4 Ng7 $1
31. Qf3 Nh6 32. Rh2 Kg8 33. f5 (33. Rh4 Rc2) 33... gxf5 34. g5 Ng4 35. Rxh8+
Kxh8 36. Ne2 $2 (36. Re2 $15) 36... Rc2 37. Qb3 Qc6 38. Bc3 (38. Nc3 Rd2 $1)
38... Ne3 $1 39. Kf2 f4 40. Rh1+ Kg8 41. Rh6 Qc8 {Ftacnik,L} (41... Qc8 42.
Qxb6 Rxe2+ 43. Kxe2 Qg4+ $19) 0-1